FOUNDATIONS OF AMERICAN EDUCATION (Record no. 4438)
[ view plain ]
| 000 -LEADER | |
|---|---|
| fixed length control field | 00456nam a22001937a 4500 |
| 003 - CONTROL NUMBER IDENTIFIER | |
| control field | OSt |
| 005 - DATE AND TIME OF LATEST TRANSACTION | |
| control field | 20210916145043.0 |
| 008 - FIXED-LENGTH DATA ELEMENTS--GENERAL INFORMATION | |
| fixed length control field | 210916b |||||||| |||| 00| 0 eng d |
| 020 ## - INTERNATIONAL STANDARD BOOK NUMBER | |
| International Standard Book Number | 0024249742 |
| 040 ## - CATALOGING SOURCE | |
| Transcribing agency | HAWASSA UNIVERSITY |
| 050 ## - LIBRARY OF CONGRESS CALL NUMBER | |
| Classification number | 370.973/WEB |
| 082 ## - DEWEY DECIMAL CLASSIFICATION NUMBER | |
| Edition number | 2ND |
| Classification number | 370.973/WEB |
| 100 ## - MAIN ENTRY--PERSONAL NAME | |
| Personal name | WEBB L.DEAN |
| 9 (RLIN) | 4346 |
| 245 ## - TITLE STATEMENT | |
| Title | FOUNDATIONS OF AMERICAN EDUCATION |
| 260 ## - PUBLICATION, DISTRIBUTION, ETC. | |
| Date of publication, distribution, etc. | 1996 |
| 300 ## - PHYSICAL DESCRIPTION | |
| Extent | XIX/594 |
| 504 ## - BIBLIOGRAPHY, ETC. NOTE | |
| Bibliography, etc. note | INDEX |
| 942 ## - ADDED ENTRY ELEMENTS (KOHA) | |
| Source of classification or shelving scheme | Dewey Decimal Classification |
| Koha item type | Books like text book referance book |
| Suppress in OPAC | No |
| Withdrawn status | Lost status | Source of classification or shelving scheme | Damaged status | Not for loan | Home library | Current library | Date acquired | Full call number | Barcode | Date last seen | Copy number | Price effective from | Koha item type | Total Checkouts |
|---|---|---|---|---|---|---|---|---|---|---|---|---|---|---|
| Dewey Decimal Classification | College of Agriculture Library | College of Agriculture Library | 09/16/2021 | 370.973/WEB | ALIB0005806 | 09/16/2021 | 2 | 09/16/2021 | Books like text book referance book | |||||
| Dewey Decimal Classification | College of Agriculture Library | College of Agriculture Library | 09/16/2021 | 370.973/WEB | ALIB0005807 | 09/16/2021 | 4 | 09/16/2021 | Books like text book referance book | |||||
| Dewey Decimal Classification | College of Agriculture Library | College of Agriculture Library | 01/14/2022 | 370.973/WEB | ALIB0014730 | 01/14/2022 | 1 | 01/14/2022 | Books like text book referance book | |||||
| Dewey Decimal Classification | College of Agriculture Library | College of Agriculture Library | 01/14/2022 | 370.973/WEB | ALIB0014731 | 01/14/2022 | 3 | 01/14/2022 | Books like text book referance book |